000
00214 a2200097 4500
001
38056
100
_a
Huggubs R.A
245
_a
Engineering Metallurgy Part I
260
_a
G B
_b
ELBS
_c
1983
090
_c
24234
_d
24234
942
_a
NUST-CAE
_c
M
_c
15819
999
_c
273129
_d
273129